Beiträge zur sozialen Frage

Gespeichert in:
Bibliographische Detailangaben
Format: Buch
Sprache:Deutsch
Veröffentlicht: Köln DuMont-Schauberg 1873
Tags: Tag hinzufügen
Keine Tags, Fügen Sie das erste Tag hinzu!

MARC

LEADER 00000nam a2200000 4500
001 0307238
005 20250224133649.6
041 0 |a ger 
044 |a DE 
245 1 0 |a Beiträge zur sozialen Frage  |c Max Wirth 
264 1 |a Köln  |b DuMont-Schauberg  |c 1873